000
00321nam a2200109Ia 4500
008
171204s9999 xx 000 0 und d
245
_a
Transfer Prices and Management Accounting:
245
_c
Peter Schuster
260
_c
2015
650
_x
MANAGEMENT ACCOUNTING 1
856
_u
http://down.ebook777.com/062/3319147498.pdf
999
_c
345731
_d
345731